| Tag |
First Indicator |
Second Indicator |
Subfields |
| LEADER |
00000cas a2200000 a 4500 |
| 001 |
in00003778721 |
| 005 |
20160510130234.0 |
| 008 |
751101d19351937nyumr p 0 a0eng c |
| 010 |
|
|
|a sf 98085437
|z sn 93030211
|
| 035 |
|
|
|a (OCoLC)ocm01781574
|
| 040 |
|
|
|a MUL
|b eng
|c MUL
|d IUL
|d OCL
|d HUL
|d NYG
|d DLC
|d OCLCQ
|d OCLCG
|d KNV
|d IHE
|d OCLCQ
|d OCLCF
|
| 029 |
1 |
|
|a NLGGC
|b 116506628
|
| 029 |
1 |
|
|a AU@
|b 000005650462
|
| 042 |
|
|
|a pcc
|a premarc
|
| 050 |
0 |
0 |
|a AP2
|b .R4
|
| 049 |
|
|
|a TXAM
|
| 130 |
0 |
|
|a Review of reviews (New York, N.Y. : 1935)
|
| 245 |
1 |
0 |
|a Review of reviews.
|
| 264 |
|
1 |
|a New York :
|b Review of Reviews,
|c 1935-1937.
|
| 300 |
|
|
|a 6 volumes :
|b illustrations ;
|c 29 cm.
|
| 310 |
|
|
|a Monthly
|
| 336 |
|
|
|a text
|b txt
|2 rdacontent
|
| 337 |
|
|
|a unmediated
|b n
|2 rdamedia
|
| 338 |
|
|
|a volume
|b nc
|2 rdacarrier
|
| 362 |
0 |
|
|a Vol. 91, no. 1 (Jan. 1935)-v. 96, no. 1 (July 1937).
|
| 500 |
|
|
|a Editor: Albert Shaw.
|
| 500 |
|
|
|a Title from cover.
|
| 530 |
|
|
|a Also issued online.
|
| 580 |
|
|
|a Merged with: Literary digest (New York, N.Y. : 1890), to form: Digest (New York, N.Y. : 1937).
|
| 650 |
|
0 |
|a Literature
|v Periodicals.
|
| 650 |
|
7 |
|a Literature.
|2 fast
|0 (OCoLC)fst00999953
|
| 655 |
|
7 |
|a Periodicals.
|2 fast
|0 (OCoLC)fst01411641
|
| 700 |
1 |
|
|a Shaw, Albert,
|d 1857-1947.
|
| 776 |
0 |
8 |
|i Online version:
|t Review of reviews (New York, N.Y. : 1935)
|w (OCoLC)565561211
|
| 780 |
0 |
0 |
|t Review of reviews and world's work
|w (DLC) 04012665
|w (OCoLC)1645250
|
| 785 |
1 |
7 |
|t Literary digest (New York, N.Y. : 1890)
|w (DLC) 07022244
|w (OCoLC)5746986
|
| 785 |
1 |
7 |
|t Digest (New York, N.Y. : 1937)
|w (DLC)sn 93030210
|w (OCoLC)5340592
|
| 850 |
|
|
|a DLC
|a MH
|a MH-Hi
|a N
|
| 994 |
|
|
|a C0
|b TXA
|
| 949 |
|
|
|a updated
|b h
|c 2016/5/10
|e coplinger
|f 1:02:30 pm
|
| 999 |
f |
f |
|s 205d1892-ab0f-33f1-aad2-db1301f8011d
|i fad59da6-2b25-3894-a1f3-05268b24d80e
|t 0
|
| 952 |
f |
f |
|p ric
|a Texas A&M University
|b Rellis Campus
|c Joint Library Facility
|d Remote Storage
|t 0
|e AP2 .R4
|h Library of Congress classification
|i unmediated -- volume
|k v.93-94
|l 1936
|m A14817688256
|
| 952 |
f |
f |
|p noncirc
|a Texas A&M University
|b College Station
|c Cushing Memorial Library & Archives
|d Cushing: Literature/Haggard (Does not check out)
|t 0
|e AP2 .R4
|h Library of Congress classification
|i unmediated -- volume
|
| 952 |
f |
f |
|p ric
|a Texas A&M University
|b Rellis Campus
|c Joint Library Facility
|d Remote Storage
|t 0
|e AP2 .R4
|h Library of Congress classification
|i unmediated -- volume
|k v.95:no.1-6 v.96:no.1
|l 1937:Jan.-July
|m A14831712158
|
| 952 |
f |
f |
|p ric
|a Texas A&M University
|b Rellis Campus
|c Joint Library Facility
|d Remote Storage
|t 0
|e AP2 .R4
|h Library of Congress classification
|i unmediated -- volume
|k v.91-92
|l 1935
|m A14831712190
|
| 998 |
f |
f |
|a AP2 .R4
|s v.91:no.2 (1935:Feb.)
|t 0
|l Cushing: Literature/Haggard (Does not check out)
|
| 998 |
f |
f |
|a AP2 .R4
|s v.96:no.1 (1937:July)
|t 0
|l Remote Storage
|